| 000 | 00865nam a22003250a 4500 | ||
|---|---|---|---|
| 001 | PT41113 | ||
| 003 | AR-LpoUNG | ||
| 005 | 20210131230822.0 | ||
| 008 | 191001s1990||||sp |||||||||||||||||spa d | ||
| 020 |
_a8475092497 _c$108 |
||
| 040 |
_aAR-LpoUNG _bspa _cAR-LpoUNG _eaacr |
||
| 041 | _aspa | ||
| 044 | _asp | ||
| 082 | 0 | _a320.014 948men | |
| 100 | 1 | _aDurandin, Guy | |
| 245 | 1 | 3 | _aLa mentira en la propaganda política y en la publicidad |
| 250 | _a2ª edición | ||
| 260 |
_aBarcelona : _bPaidós, _c1990. |
||
| 300 |
_a203 p. : _bgráfs. |
||
| 650 | 4 | _aADMINISTRACION DE LA INFORMACION | |
| 650 | 4 | _aASPECTOS POLITICOS | |
| 650 | 4 | _aCIENCIA POLITICA | |
| 650 | 4 | _aDIFUSION DE LA INFORMACION | |
| 650 | 4 | _aINFORMACION | |
| 650 | 4 | _aMEDIOS DE COMUNICACION | |
| 650 | 4 | _aPROPAGANDA | |
| 650 | 4 | _aPUBLICIDAD | |
| 905 | _a41113 | ||
| 942 | _cLIB | ||
| 999 |
_c6353 _d6353 |
||